| 000 | 00647nam a22001577a 4500 | ||
|---|---|---|---|
| 008 | 100726t xxu||||| |||| 00| 0 eng d | ||
| 020 | _a9773392163 | ||
| 082 |
_222 _a031 _bم ر ز |
||
| 100 |
_916812 _aمرزوق, إبراهيم |
||
| 245 |
_aدائرة المعارف الثقافية / _cإبراهيم مرزوق |
||
| 260 |
_aالقاهرة: _bالدار الثقافية للنشر ،2007 _c2007 |
||
| 300 |
_a288 ص؛ _c20 سم. |
||
| 650 |
_916813 _aدوائر المعارف العربية |
||
| 942 |
_2ddc _cBB |
||
| 999 |
_c14550 _d14550 |
||